000 00456nam a2200181Ia 4500
001 24681
005 20260414151059.0
008 260414t2022||||xx |||||||||||||| ||spa||
041 _aESP
082 _a345.721
_bR68
100 _aRivera Ferreyros, Gustavo Nilo
_eAUT
245 0 _aArbitraje en las contrataciones del estado
_b
260 _c2022
300 _a126 páginas :
_c24 cm.
650 _aDER
654 _aCDE
942 _cLIB
_dJUS
_fJUS
_2ddc
_n
999 _c24681
_d24681